| 000 | 00715cab a2200241 4500 | ||
|---|---|---|---|
| 001 | WB3445-47 | ||
| 008 | 090401t1998 xxu||||| |||| 00| 0 eng d | ||
| 035 | _a(Sirsi) u89974 | ||
| 041 | _aeng | ||
| 245 | _aWest Midlands first | ||
| 260 | _c1998 | ||
| 350 | _a0 | ||
| 490 |
_aBirmingham Post _v25 November 1998 (20) LOAN |
||
| 520 | _aSpecial report the business sector in the West Midlands. Covers inward investment, legal services, information technology and transport systems. | ||
| 650 | _aBIRMINGHAM | ||
| 650 | _aBUSINESSES | ||
| 650 | _aPROPERTY-COMMERCIAL PROPERTY | ||
| 650 | _aOFFICE SERVICES | ||
| 650 | _aWEST MIDLANDS | ||
| 690 | _aSPECIAL REPORTS | ||
| 942 | _n0 | ||
| 948 | _c26/11/1998 | ||
| 999 |
_c56970 _d56970 |
||